000 01583nam0a22003371 4500
001 RU\NLR\INFOCOMM_253\5000053831
005 20250613101231.0
035 _a(NLR Aleph) 009374225
090 _a7941554
_c7941554
100 _a20101222d1980 |||y0rusy50 ca
101 0 _aeng
102 _aRU
105 _aa ||||000|y
200 1 _aMethods of detoxication of foodstuffs contaminated with alfatoxins
_e[Project "Food contamination with spec. ref. to mycotoxins", UNEP Training course in the USSR, Moscow etc., Oct. 21 - Dec. 19, 1980]
_fGorelova E. E[!], Lvova L. S.
_gUnited Nations Environment progr. USSR Commiss. for UNEP
210 _a[Москва]
_cВИНИТИ
_d1980
215 _a23 с.
_cграф.
_d29 см
300 _aВ вып. дан.: Методы детоксикации пищевых продуктов, загрязненных афлатоксинами / Горелов[!] Е. И., Львов[!] Л. С.
300 _aОписано по 1-й с.
320 _aБиблиогр.: с. 20-23
606 _aПищевые продукты
_xЗагрязнения афлатоксинами
_xДетоксикация
_2nlr_sh1
686 _aР123.54
_2rubbk
700 1 _9z01790
_aGorelova
_bE. I.
_gElena Ivanovna
_4070
701 1 _9z02790
_aL'vova
_bL. S.
_4070
712 0 2 _a"Food contamination with special reference to mycotoxins", project
_4570
790 1 _9z01700
_aGorelova
_bE. E[!]
_4070
790 1 _9z02701
_aLvova
_bL. S.
_4070
801 1 _aRU
_bNLR
_c20101222
801 0 _aRU
_bNLR
_gPSBO
852 _aNLR
_jМд97 Д-8/58
942 _cBOOK
980 _aNB